| 000 | 01710nam0a22003131 4500 | ||
|---|---|---|---|
| 001 | rc\2383352 | ||
| 005 | 20250623005933.0 | ||
| 035 | _a(NLR Aleph) 006501866 | ||
| 090 |
_a6239655 _c6239655 |
||
| 100 | _a20110829d1979 |||y0rusy50 ca | ||
| 101 | 0 | _arus | |
| 102 | _aRU | ||
| 105 | _ay z ||||| | ||
| 200 | 1 |
_aФормирование области главного максимума дневной ионосферы Венеры по результатам двухчастотного радиопросвечивания _e[На англ. яз.] _eXXII конф. КОСПАР, Индия _fА.Л. Гаврик, Г.С. Иванов-Холодный, А.В. Михайлов и др. |
|
| 210 |
_aМосква _cБ. и. _d1979 |
||
| 215 |
_a23 с. _cграф. _d21 |
||
| 225 | 1 |
_aАН СССР. Институт радиотехники и электроники _v7.1.4 |
|
| 300 | _aОбл. на англ. яз. с загл.: The main maximum region formation in the day-time Venusian ionosphere. The results of dual-frequency occultation experiments. A.L. Gavrik, G.S. Ivanov Kholodny, A.V. Mikhailov ets. | ||
| 320 | _aБиблиогр.: с. 22-23 | ||
| 517 | 0 | _aThe main maximum region formation in the day-time Venusian ionosphere | |
| 701 | 1 |
_7ca _8rus _aИванов-Холодный _bГ. С. _f1928-2016 _gГор Семенович _9229956 _3RU\NLR\AUTH\770230012 |
|
| 701 | 1 |
_aМихайлов _bА. В. _cд-р физ.-мат. наук, геофизика _gАндрей Валерьевич _9230027 _3RU\NLR\AUTH\770230083 |
|
| 701 | 1 |
_aГаврик _bА.Л. |
|
| 801 | 0 |
_aRU _bNLR _gpsbo |
|
| 801 | 1 |
_aRU _bELAR _2rusmarc |
|
| 852 |
_aNLR _j80-4/47 |
||
| 942 | _cBOOK | ||
| 980 | _aNB | ||